[Event "Marburg op"]
[Site "Marburg"]
[Date "2024.10.27"]
[Round "7"]
[White "Meffert, Peter"]
[Black "Zargaran, Sepas"]
[Result "0-1"]
[WhiteElo "1904"]
[BlackElo "1720"]
[PlyCount "86"]
[EventDate "2024.10.24"]
[EventType "swiss"]
[EventRounds "7"]
[EventCountry "GER"]
[SourceTitle "CB16_2025"]
[SourceDate "2025.04.16"]
[SourceVersion "1"]
[SourceVersionDate "2025.04.16"]
[SourceQuality "1"]

1. d4 Nf6 2. c4 g6 3. Nc3 Bg7 4. e4 d6 5. Nf3 0-0 6. Be2 e5 7. d5 Nbd7 8. Qc2 a6 9. h3 Nc5 10. g4 h5 11. g5 Nh7 12. Be3 b6 13. 0-0-0 Bd7 14. Rdg1 c6 15. Ne1 Qe8 16. Nd3 Rb8 17. Nxc5 bxc5 18. Rd1 Qc8 19. h4 Rd8 20. Rd2 Qc7 21. Rhd1 Nf8 22. f4 Bc8 23. f5 Nh7 24. f6 Bf8 25. dxc6 Qxc6 26. Nd5 Be6 27. Rd3 Bxd5 28. cxd5 Qd7 29. Bf2 Rb4 30. Rb3 Rdb8 31. Rdd3 c4 32. Rxb4 cxd3 33. Rxb8 dxc2 34. Rb3 Qa4 35. Bd3 Qxa2 36. Bxc2 Qa1+ 37. Bb1 Qa4 38. Bc2 Qc4 39. Be1 Qe2 40. Ba5 Qf1+ 41. Kd2 Qf2+ 42. Kd3 Qxh4 43. Rb8 Qxg5 0-1

[Event "Marburg op"]
[Site "Marburg"]
[Date "2024.10.26"]
[Round "5"]
[White "Ganeshram, Nirupa"]
[Black "Meffert, Peter"]
[Result "1/2-1/2"]
[WhiteElo "1722"]
[BlackElo "1904"]
[PlyCount "80"]
[EventDate "2024.10.24"]
[EventType "swiss"]
[EventRounds "7"]
[EventCountry "GER"]
[SourceTitle "CB16_2025"]
[SourceDate "2025.04.16"]
[SourceVersion "1"]
[SourceVersionDate "2025.04.16"]
[SourceQuality "1"]

1. e4 e6 2. d4 d5 3. Nc3 Nf6 4. e5 Nfd7 5. f4 c5 6. Nf3 Nc6 7. Be3 cxd4 8. Bxd4 Nb6 9. Be2 Bd7 10. Qd2 Rc8 11. Be3 Na5 12. Bf2 Nac4 13. Bxc4 Nxc4 14. Qc1 Bb4 15. Bd4 0-0 16. 0-0 a6 17. a3 Bc5 18. Ne2 Qb6 19. Kh1 Rc7 20. Bxc5 Qxc5 21. Nfd4 Qb6 22. b3 Na5 23. a4 Rfc8 24. Qb1 Nc6 25. Rd1 Nxd4 26. Nxd4 Qb4 27. Qc1 Rc3 28. Qd2 Qc5 29. h3 h6 30. Kh2 b5 31. axb5 Bxb5 32. Kh1 Qe7 33. Qf2 Kh7 34. Kh2 g6 35. Kh1 h5 36. Kh2 h4 37. Nxb5 axb5 38. Ra7 R3c7 39. Rxc7 Rxc7 40. Rc1 Kh6 1/2-1/2

[Event "Marburg op"]
[Site "Marburg"]
[Date "2024.10.26"]
[Round "4"]
[White "Meffert, Peter"]
[Black "Goecke, Karl Ulrich"]
[Result "0-1"]
[WhiteElo "1904"]
[BlackElo "2125"]
[PlyCount "64"]
[EventDate "2024.10.24"]
[EventType "swiss"]
[EventRounds "7"]
[EventCountry "GER"]
[SourceTitle "CB16_2025"]
[SourceDate "2025.04.16"]
[SourceVersion "1"]
[SourceVersionDate "2025.04.16"]
[SourceQuality "1"]

1. d4 d5 2. c4 e6 3. Nc3 Nf6 4. Nf3 a6 5. e3 Nbd7 6. Bd3 dxc4 7. Bxc4 b5 8. Bd3 Bb7 9. 0-0 c5 10. b3 Be7 11. Bb2 0-0 12. Rc1 Qb6 13. Qe2 Rfd8 14. Rfd1 cxd4 15. Nxd4 Nc5 16. Bb1 b4 17. Na4 Nxa4 18. bxa4 Rac8 19. Bc2 Qa5 20. f3 Nd5 21. Nb3 Qxa4 22. Nc5 Qc6 23. Ba4 Qb6 24. Nxb7 Qxb7 25. Bd4 Bf6 26. Bxf6 Nxf6 27. Rxd8+ Rxd8 28. Rc6 a5 29. Qa6 Qd7 30. Qxa5 Qd2 31. Kf1 g6 32. Qe5 Nd5 0-1

[Event "Marburg op"]
[Site "Marburg"]
[Date "2024.10.25"]
[Round "3"]
[White "Draude, Theo"]
[Black "Meffert, Peter"]
[Result "1/2-1/2"]
[WhiteElo "1705"]
[BlackElo "1904"]
[PlyCount "23"]
[EventDate "2024.10.24"]
[EventType "swiss"]
[EventRounds "7"]
[EventCountry "GER"]
[SourceTitle "CB16_2025"]
[SourceDate "2025.04.16"]
[SourceVersion "1"]
[SourceVersionDate "2025.04.16"]
[SourceQuality "1"]

1. e4 e6 2. d4 d5 3. Nd2 c5 4. exd5 Qxd5 5. Ngf3 Nc6 6. Bc4 Qd8 7. dxc5 Bxc5 8. 0-0 Nf6 9. Nb3 Be7 10. Qxd8+ Bxd8 11. Bf4 Be7 12. Rad1 1/2-1/2

[Event "Marburg op"]
[Site "Marburg"]
[Date "2024.10.25"]
[Round "2"]
[White "Meffert, Peter"]
[Black "Stehning, Michel"]
[Result "1-0"]
[WhiteElo "1904"]
[BlackElo "1750"]
[PlyCount "139"]
[EventDate "2024.10.24"]
[EventType "swiss"]
[EventRounds "7"]
[EventCountry "GER"]
[SourceTitle "CB16_2025"]
[SourceDate "2025.04.16"]
[SourceVersion "1"]
[SourceVersionDate "2025.04.16"]
[SourceQuality "1"]

1. d4 d5 2. Nf3 Nf6 3. c4 e6 4. Nc3 c6 5. Bg5 Be7 6. e3 Nbd7 7. Bd3 0-0 8. 0-0 h6 9. Bh4 Nh5 10. Bxe7 Qxe7 11. Re1 Nhf6 12. Rc1 b6 13. cxd5 cxd5 14. Qa4 Bb7 15. Ne2 Qd6 16. Rc2 Rfc8 17. Rec1 Rxc2 18. Rxc2 e5 19. Bf5 e4 20. Nd2 Nf8 21. Rc3 Ne6 22. Bxe6 fxe6 23. Qc2 Ng4 24. Ng3 Rf8 25. f3 exf3 26. gxf3 Nf6 27. Rc7 Rb8 28. Kg2 a5 29. Rxb7 Rxb7 30. Qc8+ Kh7 31. Qxb7 Qb4 32. Ngf1 Qxb2 33. Qc6 b5 34. Qxe6 Qxa2 35. Qf5+ Kh8 36. Qb1 Qa4 37. Kf2 Nd7 38. Ke2 b4 39. Qb3 Qb5+ 40. Qd3 Qa4 41. e4 Qa2 42. Qb1 Qa4 43. Qb3 Qb5+ 44. Qd3 Qc6 45. Ne3 a4 46. exd5 Qb7 47. Ndc4 b3 48. Na3 Qc7 49. Qc4 Qxh2+ 50. Kd3 Nb6 51. Qc7 Qa2 52. Qxb6 Qxa3 53. Nc4 Qc1 54. Qb4 Qb1+ 55. Ke3 Qg1+ 56. Ke4 Qg6+ 57. Ke3 Qg1+ 58. Kd3 Qb1+ 59. Ke2 Qc2+ 60. Nd2 b2 61. d6 a3 62. d7 a2 63. d8Q+ Kh7 64. Qbf8 b1Q 65. Qg8+ Kg6 66. Qd6+ Kh5 67. Qh2+ Kg6 68. Qg3+ Kf6 69. Qe5+ Kg6 70. Qgxg7# 1-0

[Event "Marburg op-A"]
[Site "Marburg"]
[Date "2023.10.28"]
[Round "5"]
[White "Meffert, Peter"]
[Black "Dubinker, Philipp"]
[Result "1/2-1/2"]
[WhiteElo "1878"]
[BlackElo "1715"]
[PlyCount "93"]
[EventDate "2023.10.26"]
[EventType "swiss"]
[EventRounds "7"]
[EventCountry "GER"]
[SourceTitle "CBM 217 Extra"]
[Source "ChessBase"]
[SourceDate "2024.01.31"]
[SourceVersion "1"]
[SourceVersionDate "2024.01.31"]
[SourceQuality "1"]

1. d4 Nf6 2. c4 e6 3. Nf3 Bb4+ 4. Bd2 Qe7 5. e3 0-0 6. Bxb4 Qxb4+ 7. Qd2 Qe7 8. Nc3 d6 9. Be2 e5 10. dxe5 dxe5 11. 0-0 e4 12. Nd4 c5 13. Nb3 Rd8 14. Qc2 Nc6 15. Rad1 b6 16. Rxd8+ Nxd8 17. Rd1 Bf5 18. Nd5 Qe5 19. Nxf6+ Qxf6 20. Qd2 Ne6 21. Qc2 Rd8 22. Rxd8+ Qxd8 23. Qd2 Kf8 24. Qxd8+ Nxd8 25. Nd2 Nc6 26. g4 Bg6 27. Kg2 Ke7 28. Kg3 Nb4 29. a3 Nd3 30. Bxd3 exd3 31. Kf4 Ke6 32. e4 h5 33. h3 hxg4 34. hxg4 Kf6 35. g5+ Ke6 36. Ke3 f5 37. gxf6 gxf6 38. f4 Be8 39. Kxd3 a5 40. Nf1 b5 41. Ne3 b4 42. Nd5 Bc6 43. Ne3 Be8 44. f5+ Kd6 45. Ng4 Ke7 46. Ne3 Kd6 47. Nd5 1/2-1/2

[Event "Marburg op-A"]
[Site "Marburg"]
[Date "2023.10.28"]
[Round "4"]
[White "Rahimi, Rahim"]
[Black "Meffert, Peter"]
[Result "1-0"]
[WhiteElo "2045"]
[BlackElo "1878"]
[PlyCount "87"]
[EventDate "2023.10.26"]
[EventType "swiss"]
[EventRounds "7"]
[EventCountry "GER"]
[SourceTitle "CBM 217 Extra"]
[Source "ChessBase"]
[SourceDate "2024.01.31"]
[SourceVersion "1"]
[SourceVersionDate "2024.01.31"]
[SourceQuality "1"]

1. e4 d6 2. d4 Nf6 3. Bd3 g6 4. c3 Bg7 5. h4 h5 6. Nh3 c5 7. Ng5 Nh7 8. Nxh7 Rxh7 9. dxc5 dxc5 10. Be3 Qc7 11. Na3 a6 12. Qc2 Be6 13. f4 Rh8 14. Qf2 Nd7 15. Rd1 Bg4 16. Rc1 0-0-0 17. b4 Ne5 18. fxe5 Rxd3 19. Bxc5 Bxe5 20. 0-0 f6 21. Bd4 Rd8 22. Bxe5 Qxe5 23. Nc4 Qb5 24. Nb6+ Kb8 25. Nd5 Rd7 26. Qf4+ Ka7 27. c4 Qc6 28. Qf2+ Kb8 29. b5 axb5 30. Nb4 Qxe4 31. Nxd3 Qxd3 32. cxb5 Qxb5 33. Rc5 Qd3 34. Rfc1 Qd4 35. Rc8+ Ka7 36. Qxd4+ Rxd4 37. R8c7 Rd7 38. Rxd7 Bxd7 39. Rc7 Bc6 40. Rxe7 g5 41. hxg5 fxg5 42. Re5 g4 43. Rxh5 Kb6 44. Kf2 1-0

[Event "Rhein Main op-B 22nd"]
[Site "Bad Homburg"]
[Date "2019.06.22"]
[Round "5"]
[White "Michel, Carsten"]
[Black "Meffert, Peter"]
[Result "1/2-1/2"]
[WhiteElo "1669"]
[BlackElo "1895"]
[PlyCount "45"]
[EventDate "2019.06.19"]
[EventType "swiss"]
[EventRounds "7"]
[EventCountry "GER"]
[SourceTitle "EXT 2020"]
[Source "ChessBase"]
[SourceDate "2019.10.17"]
[SourceVersion "1"]
[SourceVersionDate "2019.10.17"]
[SourceQuality "1"]

1. d4 d5 2. c4 e6 3. Nc3 Nf6 4. cxd5 exd5 5. Bg5 Be7 6. Qc2 0-0 7. e3 h6 8. Bh4 Nbd7 9. Bd3 Re8 10. f3 Bb4 11. Bf2 c5 12. Nge2 cxd4 13. Nxd4 Nc5 14. Bb5 Bd7 15. 0-0 Rc8 16. Rac1 a6 17. Bxd7 Qxd7 18. a3 Bxc3 19. Qxc3 Ne6 20. Qd2 Nxd4 21. Qxd4 Qb5 22. Qd2 Qb3 23. Rfd1 1/2-1/2

[Event "Rhein Main op-B 21st"]
[Site "Bad Homburg"]
[Date "2018.06.02"]
[Round "6"]
[White "Meffert, Peter"]
[Black "Eurich, Jannik"]
[Result "0-1"]
[WhiteElo "1921"]
[BlackElo "1661"]
[PlyCount "74"]
[EventDate "2018.05.30"]
[EventType "swiss"]
[EventRounds "7"]
[EventCountry "GER"]
[SourceTitle "EXT 2019"]
[Source "ChessBase"]
[SourceDate "2018.10.10"]
[SourceVersion "1"]
[SourceVersionDate "2018.10.10"]
[SourceQuality "1"]

1. d4 d5 2. c4 c6 3. cxd5 cxd5 4. Nc3 Nc6 5. Nf3 Nf6 6. e3 Bf5 7. Nh4 Bg4 8. f3 Bd7 9. Bd3 e6 10. g3 Bd6 11. Bd2 0-0 12. f4 Nb4 13. Bb1 Bc6 14. a3 Na6 15. Nf3 Ne4 16. Nxe4 dxe4 17. Ne5 Bxe5 18. fxe5 f6 19. Qg4 Bd5 20. Bc3 fxe5 21. Bxe4 exd4 22. Bxd4 Qc7 23. Bxd5 exd5 24. Qe6+ Kh8 25. Rf1 Nc5 26. Qxd5 Nd3+ 27. Kd2 Rxf1 28. Rxf1 Rc8 29. Qb3 Nc5 30. Bxc5 Qxc5 31. Ke2 Qh5+ 32. Kd3 Rd8+ 33. Kc3 Qe2 34. Qf7 Qd3+ 35. Kb4 a5+ 36. Kxa5 Rd5+ 37. Kb6 Qa6+ 0-1

[Event "Rhein Main op-B 21st"]
[Site "Bad Homburg"]
[Date "2018.06.02"]
[Round "5"]
[White "Stork, Christopher"]
[Black "Meffert, Peter"]
[Result "1-0"]
[WhiteElo "1715"]
[BlackElo "1921"]
[PlyCount "93"]
[EventDate "2018.05.30"]
[EventType "swiss"]
[EventRounds "7"]
[EventCountry "GER"]
[SourceTitle "EXT 2019"]
[Source "ChessBase"]
[SourceDate "2018.10.10"]
[SourceVersion "1"]
[SourceVersionDate "2018.10.10"]
[SourceQuality "1"]

1. e4 e6 2. d4 d5 3. exd5 exd5 4. Bd3 Bd6 5. Ne2 Ne7 6. 0-0 0-0 7. Bf4 Bf5 8. c3 Bxf4 9. Nxf4 Qd6 10. Bxf5 Qxf4 11. Bd3 Nd7 12. Nd2 Nf6 13. Qc2 Ng6 14. Rae1 Rfe8 15. Bxg6 hxg6 16. Nf3 c6 17. Ne5 Ng4 18. Nxg4 Qxg4 19. Qb3 b5 20. Qa3 Re2 21. Rxe2 Qxe2 22. Qc5 Qe6 23. g3 a5 24. Kg2 a4 25. Rd1 Re8 26. Rd2 g5 27. Rd1 f5 28. Rf1 g4 29. Kg1 f4 30. gxf4 Rf8 31. Qa7 Qe4 32. Qc7 Rxf4 33. Qxc6 g3 34. hxg3 Rf6 35. Qxb5 Rh6 36. f3 Qe3+ 37. Rf2 Rh1+ 38. Kxh1 Qxf2 39. Qxd5+ Kh7 40. Qe4+ Kg8 41. b3 axb3 42. axb3 Qxg3 43. d5 g5 44. c4 Qh3+ 45. Kg1 Qg3+ 46. Kf1 Qh3+ 47. Ke2 1-0

[Event "Donau op 23rd"]
[Site "Aschach"]
[Date "2014.12.26"]
[Round "1"]
[White "Meffert, Peter"]
[Black "Dragnev, Valentin"]
[Result "0-1"]
[WhiteElo "1991"]
[BlackElo "2364"]
[PlyCount "96"]
[EventDate "2014.12.26"]
[EventType "swiss"]
[EventRounds "7"]
[EventCountry "AUT"]
[SourceTitle "CBM 164 Extra"]
[Source "ChessBase"]
[SourceDate "2015.03.02"]
[SourceVersion "1"]
[SourceVersionDate "2015.03.02"]
[SourceQuality "1"]

1. d4 Nf6 2. Nf3 e6 3. c4 Bb4+ 4. Bd2 c5 5. e3 0-0 6. Bd3 Bxd2+ 7. Qxd2 cxd4 8. exd4 d5 9. cxd5 Nxd5 10. 0-0 Nc6 11. Nc3 b6 12. Be4 Nce7 13. Rfe1 Bb7 14. Rac1 Qb8 15. Ne5 Nf6 16. Bxb7 Qxb7 17. Nb5 a6 18. Rc7 Qd5 19. Na7 Nf5 20. Nac6 Rac8 21. Rxc8 Rxc8 22. Rc1 Qd6 23. g4 Nxg4 24. Nxg4 Rxc6 25. Rxc6 Qxc6 26. Ne5 Qc7 27. Nf3 f6 28. d5 e5 29. Qd3 Qd7 30. Qxa6 e4 31. Qa8+ Kf7 32. Nd2 e3 33. Nf3 e2 34. Qc6 Qe7 35. Ne1 Nd4 36. Qxb6 Qe5 37. h4 Qxd5 38. Qc7+ Kf8 39. Qc8+ Ke7 40. Qc7+ Kf8 41. Qc8+ Kf7 42. Qc7+ Ke6 43. Qc8+ Ke5 44. Qe8+ Kf5 45. Qc8+ Ne6 46. f3 Qd4+ 47. Kg2 Qxh4 48. Qc2+ Kg5 0-1

[Event "Faakersee op 21st"]
[Site "Latschach"]
[Date "2005.08.15"]
[Round "4"]
[White "Meffert, Peter"]
[Black "Wiedermann, Daniel"]
[Result "1-0"]
[WhiteElo "1981"]
[BlackElo "2099"]
[PlyCount "65"]
[EventDate "2005.08.13"]
[EventType "swiss"]
[EventRounds "9"]
[EventCountry "AUT"]
[SourceTitle "EXT 2006"]
[Source "ChessBase"]
[SourceDate "2005.11.24"]
[SourceVersion "1"]
[SourceVersionDate "2005.11.24"]
[SourceQuality "1"]

1. d4 Nf6 2. c4 c5 3. d5 b5 4. cxb5 a6 5. bxa6 g6 6. Nf3 Bxa6 7. e4 Bxf1 8. Kxf1 d6 9. Nc3 Nbd7 10. g3 Bg7 11. Kg2 0-0 12. Re1 Qa5 13. Qc2 Rfb8 14. h3 Nb6 15. Bg5 Nc4 16. Rab1 Ne8 17. e5 Nxe5 18. Nxe5 Bxe5 19. Bd2 Nc7 20. a3 Qa7 21. Qe4 Qb7 22. Red1 e6 23. dxe6 fxe6 24. Qxb7 Rxb7 25. Ne4 Ra4 26. b4 Rxa3 27. bxc5 Rxb1 28. Rxb1 d5 29. Rb8+ Kg7 30. Nd6 Ra6 31. Rb7 Rc6 32. Ba5 Kh6 33. Nf7+ 1-0